[Event "Belgrade-chT"]
[Site "Belgrade"]
[Date "2019.09.27"]
[Round "5.4"]
[White "Lazarevic, Miodrag"]
[Black "Mirkovic, Slobodan"]
[Result "1/2-1/2"]
[WhiteElo "2032"]
[BlackElo "2239"]
[PlyCount "20"]
[EventDate "2019.09.23"]
[EventType "team-tourn"]
[EventRounds "11"]
[EventCountry "SRB"]
[SourceTitle "EXT 2020"]
[Source "ChessBase"]
[SourceDate "2019.10.17"]
[SourceVersion "1"]
[SourceVersionDate "2019.10.17"]
[SourceQuality "1"]
[WhiteTeam "Lasta"]
[BlackTeam "Belgrade Radnicki"]
[WhiteTeamCountry "SRB"]
[BlackTeamCountry "SRB"]

1. e4 c6 2. d4 d5 3. Nc3 dxe4 4. Nxe4 Nf6 5. Nxf6+ exf6 6. Bf4 Be6 7. Nf3 Be7 8. c3 0-0 9. Be2 Nd7 10. 0-0 Re8 1/2-1/2

[Event "Belgrade-chT"]
[Site "Belgrade"]
[Date "2017.10.21"]
[Round "6.6"]
[White "Tadic, Stefan"]
[Black "Lazarevic, Miodrag"]
[Result "1-0"]
[WhiteElo "1999"]
[BlackElo "2060"]
[PlyCount "35"]
[EventDate "2017.10.01"]
[EventType "team-tourn"]
[EventRounds "11"]
[EventCountry "SRB"]
[SourceTitle "CBM 181 Extra"]
[Source "ChessBase"]
[SourceDate "2017.12.12"]
[SourceVersion "1"]
[SourceVersionDate "2017.12.12"]
[SourceQuality "1"]
[WhiteTeam "Belgrade CC"]
[BlackTeam "Lasta"]
[WhiteTeamCountry "SRB"]
[BlackTeamCountry "SRB"]

1. e4 e6 2. d4 d5 3. Nc3 Bb4 4. exd5 exd5 5. Bd3 h6 6. Nge2 Nf6 7. 0-0 0-0 8. h3 Re8 9. Ng3 Nc6 10. Nce2 Ne4 11. c3 Bd6 12. Nf4 Qh4 13. Qh5 Qxh5 14. Ngxh5 Be6 15. Bxe4 dxe4 16. d5 Bxf4 17. Nxf4 g5 18. Nxe6 1-0

[Event "Belgrade-chT"]
[Site "Belgrade"]
[Date "2016.10.21"]
[Round "12.5"]
[White "Lazarevic, Miodrag"]
[Black "Tadic, Stefan"]
[Result "1/2-1/2"]
[WhiteElo "2075"]
[BlackElo "2106"]
[PlyCount "82"]
[EventDate "2016.10.08"]
[EventType "team-tourn"]
[EventRounds "13"]
[EventCountry "SRB"]
[SourceTitle "CBM 175 Extra"]
[Source "ChessBase"]
[SourceDate "2016.12.12"]
[SourceVersion "1"]
[SourceVersionDate "2016.12.12"]
[SourceQuality "1"]
[WhiteTeam "Lasta"]
[BlackTeam "Cyril i Metodije"]
[WhiteTeamCountry "SRB"]
[BlackTeamCountry "SRB"]

1. e4 e5 2. f4 exf4 3. Nf3 Be7 4. Bc4 Bh4+ 5. g3 fxg3 6. 0-0 Nh6 7. d4 0-0 8. hxg3 Bf6 9. e5 Be7 10. Bxh6 gxh6 11. Nc3 d6 12. Qe2 Bf5 13. Rad1 Nd7 14. Nd5 c6 15. Nxe7+ Qxe7 16. Qe3 d5 17. Nh4 Bxc2 18. Rd2 Qg5 19. Rf4 Be4 20. Rdf2 Rae8 21. Rxe4 Qxe3 22. Rxe3 dxc4 23. Nf5 Re6 24. Ra3 a6 25. Nd6 c5 26. dxc5 Nxc5 27. Nxc4 b5 28. Nd6 Rxe5 29. b4 Na4 30. Raf3 Re6 31. Nxf7 Kg7 32. Kg2 Re7 33. Nd6 Rxf3 34. Kxf3 Re6 35. Nf5+ Kg6 36. Nh4+ Kg7 37. Rc2 Rf6+ 38. Ke4 Nb6 39. Rc7+ Rf7 40. Nf5+ Kg6 41. Nh4+ Kg7 1/2-1/2

[Event "Belgrade-chT"]
[Site "Belgrade"]
[Date "2016.10.19"]
[Round "11.3"]
[White "Pucarevic, Milenko"]
[Black "Lazarevic, Miodrag"]
[Result "1-0"]
[WhiteElo "2176"]
[BlackElo "2075"]
[PlyCount "133"]
[EventDate "2016.10.08"]
[EventType "team-tourn"]
[EventRounds "13"]
[EventCountry "SRB"]
[SourceTitle "CBM 175 Extra"]
[Source "ChessBase"]
[SourceDate "2016.12.12"]
[SourceVersion "1"]
[SourceVersionDate "2016.12.12"]
[SourceQuality "1"]
[WhiteTeam "Romanticari"]
[BlackTeam "Lasta"]
[WhiteTeamCountry "SRB"]
[BlackTeamCountry "SRB"]

1. d4 Nf6 2. c4 g6 3. Nc3 Bg7 4. e4 d6 5. Be2 0-0 6. Bg5 Nbd7 7. Qd2 a6 8. Nf3 c6 9. h3 b5 10. cxb5 axb5 11. Bd3 b4 12. Ne2 c5 13. e5 Ne8 14. Be4 Rb8 15. Bh6 Ba6 16. Bxg7 Kxg7 17. Ng3 cxd4 18. Qg5 Nxe5 19. Nxd4 e6 20. Qxd8 Rxd8 21. f4 d5 22. fxe5 dxe4 23. Nc6 Rc8 24. Nxb4 Bb7 25. 0-0 Rc5 26. Rad1 Rxe5 27. Rd7 Rb5 28. a3 Nf6 29. Rd4 Nd5 30. Nxd5 Bxd5 31. b4 f5 32. Ne2 e5 33. Rd2 Bc4 34. Rc1 Bxe2 35. Rxe2 Ra8 36. Rc3 Kf6 37. Kf2 Rd5 38. Rb2 f4 39. b5 e3+ 40. Ke2 Rad8 41. Rcc2 Rd1 42. b6 e4 43. g3 g5 44. b7 Rh1 45. Rb6+ Ke5 46. Rb5+ Kd4 47. Rb4+ Kd5 48. Rc8 Rh2+ 49. Kd1 e2+ 50. Ke1 f3 51. Rxd8+ Kc5 52. Rc8+ Kd5 53. Rd8+ Kc6 54. Rb6+ Kc5 55. Rc8+ Kd5 56. Rd6+ Ke5 57. Rc5+ Kxd6 58. b8Q+ Kxc5 59. Qe5+ Kb6 60. Qd4+ Kb5 61. a4+ Ka6 62. Qc4+ Kb6 63. Qb5+ Kc7 64. Qc5+ Kb7 65. Qg1 Rg2 66. Qe3 Rh2 67. Qxe4+ 1-0

[Event "Belgrade-chT"]
[Site "Belgrade"]
[Date "2016.10.15"]
[Round "7.1"]
[White "Lazarevic, Miodrag"]
[Black "Velickovic, Sasa"]
[Result "1/2-1/2"]
[WhiteElo "2075"]
[BlackElo "2352"]
[PlyCount "83"]
[EventDate "2016.10.08"]
[EventType "team-tourn"]
[EventRounds "13"]
[EventCountry "SRB"]
[SourceTitle "CBM 175 Extra"]
[Source "ChessBase"]
[SourceDate "2016.12.12"]
[SourceVersion "1"]
[SourceVersionDate "2016.12.12"]
[SourceQuality "1"]
[WhiteTeam "Lasta"]
[BlackTeam "Crvena Zvezda"]
[WhiteTeamCountry "SRB"]
[BlackTeamCountry "SRB"]

1. e4 c5 2. Nf3 d6 3. d4 cxd4 4. Nxd4 Nf6 5. Nc3 e6 6. g4 a6 7. g5 Nfd7 8. Be3 b5 9. Bg2 Bb7 10. f4 Nb6 11. f5 e5 12. Nde2 N8d7 13. Ng3 Nc4 14. Bc1 Qb6 15. Qe2 h6 16. g6 f6 17. b3 Qd4 18. Qd3 Qxd3 19. cxd3 Ncb6 20. Ba3 Be7 21. Nge2 0-0 22. d4 Rac8 23. Rc1 Rfe8 24. 0-0 Bf8 25. Rfd1 Nb8 26. dxe5 dxe5 27. Bxf8 Kxf8 28. Kf2 Red8 29. Ke3 Ke7 30. Rxd8 Rxd8 31. Rd1 Rxd1 32. Nxd1 Nc6 33. a3 Na5 34. Nc1 Nd7 35. Nb2 Nb6 36. Bf1 Nc8 37. a4 Nd6 38. Bd3 Nc6 39. axb5 axb5 40. Ne2 Nb4 41. Bb1 Na6 42. Ng3 1/2-1/2

[Event "Belgrade-chT"]
[Site "Belgrade"]
[Date "2016.10.08"]
[Round "1.4"]
[White "Milinkovic, Ognjen D"]
[Black "Lazarevic, Miodrag"]
[Result "0-1"]
[WhiteElo "1854"]
[BlackElo "2075"]
[PlyCount "100"]
[EventDate "2016.10.08"]
[EventType "team-tourn"]
[EventRounds "13"]
[EventCountry "SRB"]
[SourceTitle "EXT 2017"]
[Source "ChessBase"]
[SourceDate "2016.10.25"]
[SourceVersion "1"]
[SourceVersionDate "2016.10.25"]
[SourceQuality "1"]
[WhiteTeam "Delfin"]
[BlackTeam "Lasta"]
[WhiteTeamCountry "SRB"]
[BlackTeamCountry "SRB"]

1. e4 e6 2. d4 d5 3. Nd2 c5 4. c3 Nc6 5. Ngf3 cxd4 6. cxd4 dxe4 7. Nxe4 Qb6 8. Be2 Bb4+ 9. Bd2 Nf6 10. Nxf6+ gxf6 11. 0-0 Bd7 12. Be3 Qa5 13. a3 Bd6 14. Bc4 Ne7 15. Re1 Bc6 16. b4 Qh5 17. d5 Nxd5 18. b5 Nxe3 19. Rxe3 Rd8 20. Qe1 Bxf3 21. Rxf3 Qxh2+ 22. Kf1 Qh1+ 23. Ke2 Qxg2 24. Qg1 Qxg1 25. Rxg1 Ke7 26. Rh1 h6 27. Rh4 Be5 28. Re4 h5 29. Rh3 Rd4 30. Rxd4 Bxd4 31. Rh4 Bc5 32. a4 f5 33. f4 Bd4 34. a5 Bc3 35. a6 bxa6 36. bxa6 Bf6 37. Rh3 h4 38. Kf2 Rc8 39. Be2 Bd4+ 40. Kf1 Rc1+ 41. Kg2 Re1 42. Bf1 Bf6 43. Rb3 Kf8 44. Kf2 Re4 45. Kf3 Ra4 46. Re3 Bd4 47. Rb3 Bb6 48. Rc3 Ra2 49. Be2 h3 50. Bf1 Rf2+ 0-1

[Event "Belgrade tt Cup"]
[Site "Belgrade"]
[Date "2011.04.15"]
[Round "3"]
[White "Lazarevic, Miodrag"]
[Black "Mandic, Vladimir"]
[Result "0-1"]
[WhiteElo "2085"]
[BlackElo "2116"]
[PlyCount "108"]
[EventDate "2011.04.13"]
[EventType "team-tourn"]
[EventRounds "5"]
[EventCountry "SRB"]
[SourceTitle "CBM 141 Extra"]
[Source "ChessBase"]
[SourceDate "2011.05.03"]
[SourceVersion "1"]
[SourceVersionDate "2011.05.03"]
[SourceQuality "1"]

1. e4 d5 2. exd5 Qxd5 3. Nc3 Qd8 4. d4 Bf5 5. Qf3 Qc8 6. Bb5+ c6 7. Ba4 e6 8. Nge2 Nf6 9. h3 Bb4 10. 0-0 0-0 11. Ng3 Bg6 12. a3 Ba5 13. Nce4 Nxe4 14. Nxe4 Bc7 15. Bf4 Bxe4 16. Qxe4 Bxf4 17. Qxf4 Nd7 18. g4 Qb8 19. Qg3 Qxg3+ 20. fxg3 Rad8 21. Rad1 Rfe8 22. g5 Nb6 23. Bb3 Nd5 24. Rfe1 Kf8 25. Kf2 b5 26. Bxd5 Rxd5 27. Re5 Red8 28. Rxd5 Rxd5 29. h4 c5 30. Ke3 Ke7 31. Rd3 c4 32. Rc3 f6 33. gxf6+ gxf6 34. b3 cxb3 35. cxb3 a6 36. Rc5 Rd7 37. Rc6 Rd6 38. Rc7+ Rd7 39. Rc8 Ra7 40. Ke4 Kd6 41. g4 Rg7 42. Kf4 e5+ 43. dxe5+ fxe5+ 44. Kf5 Rf7+ 45. Kg5 Rg7+ 46. Kh5 e4 47. Rc3 Kd5 48. g5 Kd4 49. Rc1 e3 50. Kh6 Re7 51. h5 e2 52. Re1 Kd3 53. g6 hxg6 54. hxg6 Kd2 0-1

[Event "Belgrade tt Cup"]
[Site "Belgrade"]
[Date "2010.04.18"]
[Round "5.7"]
[White "Lazarevic, Miodrag"]
[Black "Radojkovic, Vladica R"]
[Result "0-1"]
[WhiteElo "2113"]
[BlackElo "1998"]
[PlyCount "76"]
[EventDate "2010.04.14"]
[EventType "team-tourn"]
[EventRounds "5"]
[EventCountry "SRB"]
[SourceTitle "EXT 2012"]
[Source "ChessBase"]
[SourceDate "2011.11.24"]
[SourceVersion "1"]
[SourceVersionDate "2011.11.24"]
[SourceQuality "1"]

1. e4 g6 2. d4 Bg7 3. Nc3 d6 4. Be3 a6 5. Qd2 b5 6. f4 Bb7 7. Bd3 Nf6 8. a3 Ng4 9. Nf3 Nxe3 10. Qxe3 Nd7 11. e5 e6 12. 0-0 Nb6 13. f5 gxf5 14. exd6 Qxd6 15. Qg5 Rg8 16. Kh1 h6 17. Qh4 Qe7 18. Qxe7+ Kxe7 19. Rae1 Kd7 20. Ne2 Rad8 21. Rf2 Kc8 22. Ne5 Bxe5 23. dxe5 Na4 24. b3 Nc5 25. Nf4 Rg4 26. Kg1 Rd4 27. g3 h5 28. Be2 Rg5 29. Nxh5 Ne4 30. Rf4 Rd2 31. Rh4 Rxc2 32. Nf6 Nxf6 33. exf6 Bd5 34. a4 c6 35. axb5 cxb5 36. Bh5 f4 37. Bxf7 fxg3 38. h3 Rg2+ 0-1

[Event "Belgrade tt Cup"]
[Site "Belgrade"]
[Date "2010.04.17"]
[Round "4.4"]
[White "Lazarevic, Miodrag"]
[Black "Vucinic, Gojko"]
[Result "0-1"]
[WhiteElo "2113"]
[BlackElo "1990"]
[PlyCount "96"]
[EventDate "2010.04.14"]
[EventType "team-tourn"]
[EventRounds "5"]
[EventCountry "SRB"]
[SourceTitle "EXT 2012"]
[Source "ChessBase"]
[SourceDate "2011.11.24"]
[SourceVersion "1"]
[SourceVersionDate "2011.11.24"]
[SourceQuality "1"]

1. e4 c5 2. Nf3 d6 3. d4 cxd4 4. Nxd4 Nf6 5. Nc3 g6 6. f4 Bg7 7. e5 dxe5 8. fxe5 Bg4 9. Bb5+ Nbd7 10. exf6 Bxd1 11. fxg7 Rg8 12. Nxd1 a6 13. Bxd7+ Qxd7 14. Be3 Rxg7 15. 0-0 0-0-0 16. Nc3 e5 17. Nb3 f5 18. Rad1 Qc6 19. Na5 Qe6 20. Rxd8+ Kxd8 21. Rd1+ Ke8 22. Nb3 b6 23. Bg5 Rd7 24. Rxd7 Kxd7 25. g3 f4 26. Nd2 Qd6 27. Nde4 Qd4+ 28. Kf1 Qe3 29. Nf2 Qc1+ 30. Ncd1 Qxc2 31. gxf4 exf4 32. a3 Ke6 33. Kg2 Kf5 34. h4 Qd2 35. Kf3 Qd5+ 36. Ke2 Qc4+ 37. Kf3 Qd5+ 38. Ke2 Qd7 39. Bh6 Qe7+ 40. Kf3 Qxh4 41. Bg7 Qh2 42. Bd4 g5 43. Bxb6 g4+ 44. Nxg4 Qg3+ 45. Ke2 Qxg4+ 46. Ke1 Qg3+ 47. Nf2 Qb3 48. Bd4 Qc4 0-1

[Event "Belgrade Spring op"]
[Site "Belgrade"]
[Date "2003.03.31"]
[Round "7"]
[White "Lazarevic, Miodrag"]
[Black "Jokic, Miodrag"]
[Result "1/2-1/2"]
[WhiteElo "2112"]
[BlackElo "2176"]
[PlyCount "50"]
[EventDate "2003.03.25"]
[EventType "swiss"]
[EventRounds "9"]
[EventCountry "YUG"]
[SourceTitle "CBM 093 Extra"]
[Source "ChessBase"]
[SourceDate "2003.05.09"]
[SourceVersion "1"]
[SourceVersionDate "2003.05.09"]
[SourceQuality "1"]

1. e4 d6 2. d4 Nf6 3. Nc3 g6 4. Bg5 c6 5. Nf3 Bg4 6. Be2 Bg7 7. 0-0 0-0 8. h3 Bxf3 9. Bxf3 Nbd7 10. Re1 e5 11. d5 h6 12. Be3 Ne8 13. g4 Qh4 14. Bg2 h5 15. Qd2 hxg4 16. Bg5 Qh5 17. hxg4 Qxg4 18. f3 Qh5 19. Kf2 f6 20. Be3 Qh4+ 21. Ke2 Qg3 22. Rh1 Qxg2+ 23. Bf2 Qg5 24. Be3 Qg2+ 25. Bf2 Qg5 1/2-1/2